000 00368nam a2200169Ia 4500
008 240830s1926 xx 000 0 und d
041 _amar
082 _a1
100 _aGODBOLE V.
245 _aNIGHANTU RATNAKAR-1
250 _a1
260 _aSANGAI
_bN.D.
_c1926
300 _a100p
440 _vI
906 _aNIGHANTU RATNAKAR-1
999 _c1183925
_d1183925